Straftaten nach dem StGB - Statistiken

Allgemein
  • Dieses Quiz wurde 414 mal gespielt
  • Das Durchschnittsergebnis liegt bei 5 aus 16
Answers on the Grid
Answers color-coded by a green-red scale on the quiz's grid according to % correct below.
Widerstand gegen Vollstreckungsbeamte
Wahlfälschung
Verletzung des Urheberrechts
Unerlaubtes Entfernen vom Unfallort
Unerlaubte Veranstaltung eines Glücksspiels
Mord
Körperverletzung im Amt
Herbeiführen einer Sprengstoffexplosion
Hausfriedensbruch
Gewässerverunreinigung
Gefährliche Körperverletzung
Gefährdung des Straßenverkehrs
Fischwilderei
Fahrlässige Sachbeschädigung
Diebstahl
Computersabotage
Bestechlichkeit im Gesundheitswesen
Diebstahl öffentlicher Buchbestände
Mundraub
Tierquälerei
Schwangerschaftsabbruch
Suizid
Erdolchung
Herbeiführen einer Flugzeugentführung
Erregung öffentlicher Erregung
Einrichtung einer Geheimpost
Nichtanmeldung einer Versammlung
Kunstfälschung
 
Antwortstatistiken
Antwort % Korrekt
Mord
65%
Diebstahl
62%
Gefährliche Körperverletzung
53%
Hausfriedensbruch
48%
Unerlaubtes Entfernen vom Unfallort
36%
Widerstand gegen Vollstreckungsbeamte
34%
Gefährdung des Straßenverkehrs
29%
Herbeiführen einer Sprengstoffexplosion
28%
Körperverletzung im Amt
26%
Schwangerschaftsabbruch
24%
Fischwilderei
17%
Unerlaubte Veranstaltung eines Glücksspiels
17%
Wahlfälschung
16%
Gewässerverunreinigung
14%
Computersabotage
12%
Bestechlichkeit im Gesundheitswesen
8%
Keine übereinstimmenden Quizze gefunden
Verteilung der Resultate
Anzahl Personen mit jedem Resultat
Perzentil nach korrekt beantworteten Fragen
Ihre Resultats-Entwicklung
Sie haben dieses Quiz noch nicht gespielt